| Tag |
First Indicator |
Second Indicator |
Subfields |
| LEADER |
00000mam a2200000 a 4500 |
| 001 |
in00003436331 |
| 005 |
20151206103823.0 |
| 008 |
900313s1990 enk b 00110deng |
| 010 |
|
|
|a 90129916
|
| 020 |
|
|
|a 1850431493 :
|c £19.95
|
| 035 |
|
|
|a (OCoLC)ocm23252816
|
| 040 |
|
|
|a DLC
|c DLC
|d UtOrBLW
|
| 043 |
|
|
|a a-ii---
|a a-bg---
|
| 082 |
0 |
0 |
|a 954.03/5/092
|2 20
|
| 090 |
|
|
|a DS485.B49
|b C46 1990
|
| 100 |
1 |
|
|a Chakrabarty, Bidyut.
|
| 245 |
1 |
0 |
|a Subhas Chandra Bose and middle class radicalism :
|b a study in Indian nationalism, 1928-1940 /
|c Bidyut Chakrabarty.
|
| 264 |
|
1 |
|a London ;
|a New York :
|b London School of Economics & Political Science in association with I.B. Tauris ;
|c 1990.
|
| 264 |
|
2 |
|a New York, NY :
|b Distributed by St Martin's Press,
|
| 300 |
|
|
|a xii, 240 pages ;
|c 23 cm.
|
| 336 |
|
|
|a text
|b txt
|2 rdacontent
|
| 337 |
|
|
|a unmediated
|b n
|2 rdamedia
|
| 338 |
|
|
|a volume
|b nc
|2 rdacarrier
|
| 504 |
|
|
|a Includes bibliographical references (pages 183-235) and index.
|
| 651 |
|
0 |
|a Bengal (India)
|x Politics and government.
|
| 650 |
|
0 |
|a Nationalism
|z India
|z Bengal
|x History.
|
| 600 |
1 |
0 |
|a Bose, Subhas Chandra,
|d 1879-1945.
|
| 999 |
|
|
|a MARS
|
| 999 |
f |
f |
|s 90e3c949-2126-3fb3-9d59-d4e4cbd05390
|i eae8d8a0-6cbf-3e50-a2dd-8463188f4d88
|t 0
|
| 952 |
f |
f |
|p ric
|a Texas A&M University
|b Rellis Campus
|c Joint Library Facility
|d Remote Storage
|t 0
|e DS485.B49 C46 1990
|h Library of Congress classification
|i unmediated -- volume
|m 32060000001988
|
| 998 |
f |
f |
|a DS485.B49 C46 1990
|t 0
|l Remote Storage
|